Gender issues in clinical psychology / (Record no. 4729)
[ view plain ]
| 000 -LEADER | |
|---|---|
| fixed length control field | 00464pam a2200157 a 4500 |
| 020 ## - ISBN | |
| International Standard Book Number | 0415054850 (cloth) |
| 020 ## - ISBN | |
| Cancelled/invalid ISBN | 0415054896 (pbk.) |
| 050 00 - LIBRARY OF CONGRESS CALL NUMBER | |
| Classification Number | RC467 |
| Item Number | .G46 1992 |
| 245 00 - TITLE | |
| Title | Gender issues in clinical psychology / |
| Statement of responsibility, etc | edited by Jane M. Ussher and Paula Nicholson. |
| 260 ## - PUBLICATION, DISTRIBUTION, ETC.(IMPRINT) | |
| Place of publication, distribution, etc | London ; |
| -- | New York : |
| Name of publisher, distributor, etc | Routledge, |
| Date of publication, distribution, etc | 1992. |
| 300 ## - PHYSICAL DESCRIPTION | |
| Extent | x, 245 p. ; |
| 650 #0 - SUBJECT--TOPIC | |
| General subdivision | Mental health. |
| 700 1# - ADDED ENTRY--PERSONAL AUTHOR | |
| Personal Name | Ussher, Jane M., |
| 700 1# - ADDED ENTRY--PERSONAL AUTHOR | |
| Personal Name | Nicholson, Paula. |
| 942 ## - ADDED ENTRY ELEMENTS(KOHA) | |
| Source of classification or shelving scheme | Library of Congress Classification |
| Koha item type | General circulation |
| Source of classification or shelving scheme | Not for loan | Location (home branch) | Sublocation (holding branch) | Shelving location | Date accessioned | Full call number | Barcode | Koha item type | Public note |
|---|---|---|---|---|---|---|---|---|---|
| Library of Congress Classification | Main Campus Library | Main Campus Library | 30/06/2015 | RC467 .G46 1992 | 2015/001403 | General circulation | amm |